Κατάλογος Βιβλιοθηκών Mediterranean College

Popular Culture / Mirror of American Life (Record no. 5642)

MARC details
000 -LEADER
fixed length control field 01588cam a22002054a 4500
005 - ΗΜΕΡΟΜΗΝΙΑ ΚΑΙ ΩΡΑ ΤΕΛΕΥΤΑΙΑΣ ΕΝΗΜΕΡΩΣΗΣ
Πεδίο ελέγχου 20250605164218.0
008 - FIXED-LENGTH DATA ELEMENTS--GENERAL INFORMATION
Πεδίο ελέγχου σταθερού μήκους 250528s ||||||||||||||||||||||||d
035 ## - SYSTEM CONTROL NUMBER
System control number 20544
020 ## - ISBN
ISBN 891630368
040 ## - ΠΗΓΗ ΚΑΤΑΛΟΓΟΓΡΑΦΗΣΗΣ
Φορέας πρωτότυπης καταλογογράφησης MC Athens Campus Library
Γλώσσα καταλογογράφησης Ελληνικά, Μοντέρνα (1453-)
Modifying agency MC Athens Campus Library
Κανόνες περιγραφικής καταλογογράφησης AACR2
245 1# - ΤΙΤΛΟΣ ΚΑΙ ΔΗΛΩΣΗ ΥΠΕΥΘΥΝΟΤΗΤΑΣ
Τίτλος Popular Culture / Mirror of American Life
260 ## - PUBLICATION, DISTRIBUTION, ETC.
Name of publisher, distributor, etc. University Of California Press,
Date of publication, distribution, etc. 1977
300 ## - PHYSICAL DESCRIPTION
Extent 360
505 0# - FORMATTED CONTENTS NOTE
Formatted contents note Preface, Introduction, What Manner of Mirror?, The Popular Arts and the Popular Audience, The Deejays, The Language of Advertising, The Discovery of the Popular Culture, Focus on the Western, Popular Culture and American Institutions, Hollywood Harakiri, Eyewitless News, Rock as Folk Art, Age of Pretty Pop, Popular Culture and Social Change, The Pseudo-Event, Politics in the Movies, To Find an Image, The Big Lie, The Lady as Jock, The Life-Style Rebellion, The Future of Popular Culture, The Untouchable Wonders, About a Secret Crocodile.
520 ## - SUMMARY, ETC.
Summary, etc. Preface, Introduction, What Manner of Mirror?, The Popular Arts and the Popular Audience, The Deejays, The Language of Advertising, The Discovery of the Popular Culture, Focus on the Western, Popular Culture and American Institutions, Hollywood Harakiri, Eyewitless News, Rock as Folk Art, Age of Pretty Pop, Popular Culture and Social Change, The Pseudo-Event, Politics in the Movies, To Find an Image, The Big Lie, The Lady as Jock, The Life-Style Rebellion, The Future of Popular Culture, The Untouchable Wonders, About a Secret Crocodile.
700 1# - ΠΡΟΣΘΕΤΗ ΑΝΑΓΡΑΦΗ--ΦΥΣΙΚΟ ΠΡΟΣΩΠΟ
Personal name Manning White David
9 (RLIN) 6526
942 ## - ADDED ENTRY ELEMENTS (KOHA)
Koha item type Books
Holdings
Τύπος τεκμηρίου Βιβλιοθήκη Τρέχουσα τοποθεσία Barcode Αριθμός εισαγωγής Ημερομηνία απόκτησης Ταξιθετικό σύμβολο Αριθμός αντιτύπου Κατάσταση απόσυρσης Κατάσταση χαμένου Κατάσταση κατεστραμμένου Μη δανεισμός Σύνολο δανεισμών Ημερομηνία τελευταίας εμφάνισης Η τιμή ισχύει από
Books MC Athens Campus Library MC Athens Campus Library 9780000056412 7022 05/06/2025 973.92 MAN 1           05/06/2025 05/06/2025

MC Athens Campus Library
Πατησίων 94 & Κοδριγκτώνος 13, 104 34
Πελλήνης 8 & Πατησίων 107, 112 51
Τ: +30 210 8899600

MC Thessaloniki Campus Library
Ίωνος Δραγούμη 21, 54625 | Ίωνος Δραγούμη 15, 54625
Τ: +30 2310 287779 – Τ: +30 2314 440300